Biggest M.L.B. Offseason signings/trades of 2025 So Far - Statistics

General Stats
  • This quiz has been taken 44 times
  • The average score is 11 of 15
Answer Stats
Previous Team (Position) Player (Current Team) % Correct
Milwaukee Brewers (SS) Willy Adames (Giants)
92%
Chiba Lotte Marines (Pitcher) Roki Sosaki (Dodgers)
89%
Houston Astros (3B/SS) Alex Bregman (Red Sox)
86%
Baltimore Orioles (Pitcher) Corbin Burnes (Arizona Diamondbacks)
83%
New York Yankees (LF) Juan Soto (New York Mets)
81%
Arizona Diamondbacks (1B) Christian Walker (Houston Astros)
78%
Chicago Cubs (CF/1B) Cody Bellinger (New York Yankees)
78%
Baltimore Orioles (RF) Anthony Santander (Toronto Blue Jays)
72%
New York Yankees (2B) Gleyber Torres (Detroit Tigers)
69%
Los Angeles Dodgers (Pitcher) Walker Buehler (Red Sox)
64%
Milwaukee Brewers (Pitcher) Devin Williams (New York Yankees)
61%
San Diego Padres (LF/2B/SS) Jurickson Profar (Atlanta Braves)
61%
Los Angeles Dodgers (2B) Gavin Lux (Cincinnati Reds)
58%
Houston Astros (Pitcher) Justin Verlander (Giants)
53%
Los Angeles Dodgers (Pitcher) Jack Flaherty (Detroit Tigers)
39%
No matching quizzes found
Score Distribution
Percent of People with Each Score
Percentile by Number Answered
Your Score History
You have not taken this quiz